| 000 | 00681nam a22001697a 4500 | ||
|---|---|---|---|
| 020 | _qHard Cover. | ||
| 082 | _a004 | ||
| 100 | _aAfzal, Bilal, Jawad Ali Qamar ; Muhammad Arsalan Mughal and Sohaib Ahmed Khan | ||
| 245 |
_aMOTIVATION & TEAM WORK IN ORGANIZATON / _cBilal Afzal, Jawad Ali Qamar, Muhammad Arsalan Mughal, Sohaib Ahmed Khan |
||
| 260 |
_aIslamabad : _bSEECS - NUST, _c2008. |
||
| 300 |
_a64 p. : ill. ; _c30cm. |
||
| 650 |
_aComputer Science Engineering-Project Report _931419 |
||
| 700 |
_aMr. Muhammad Yousaf _931155 |
||
| 856 | _uhttp://10.250.8.41:8080/xmlui/handle/123456789/29134 | ||
| 942 |
_2ddc _cPR |
||
| 999 |
_c540551 _d540551 |
||